Datum a čas kvízu
20
Celkem bodů
Celkový počet nahraných bodů na tomto kvízu bez doplňovacích otázek.
6.
Pořadí na kvízu
Konečné umístění týmu na tomto kvízu.
Zaznamenané odpovědi
| # | Otázka | Odpověď | Body | Výsledky |
|---|---|---|---|---|
| 1. | Od pátku do neděle probíhal v... | hodinka | 1 | |
| 2. | Papež František v pondělí učin... | jmenoval ženu do církevního úřadu | 0 | |
| 3. | 62letá americká herečka se po... | Demi Moore | 0 | |
| 4. | V úterý jsme se dozvěděli, že... | XXXLutz | 0 | |
| 5. | Loňský (a celkově čtyřnásobný)... | Carlos Sainz | 1 | |
| 6. | Toto téma jste si odhlasovali... | B | 0 | |
| 7. | Jistý uznávaný český básník je... | Svatební košile; Jaroslav Vrchlický | 0 | |
| 8. | Zákaz účasti osobám mladším 18... | B, D, A, C | 0 | |
| 9. | Přiřaďte fotografie těchto por... | 1D 2C 3A 4B | 0 | |
| 10. | V roce 2009 vydala jedna poměr... | Rammstein | 1 |